书目信息 |
| 题名: |
日常的衣服
|
|
| 作者: | 林行雄 , 林多佳子 著 ;王歆慧 译 | |
| 分册: | ||
| 出版信息: | 北京 北京时代华文书局 2019重印 |
|
| 页数: | 179页 | |
| 开本: | 21cm | |
| 丛书名: | ||
| 单 册: | ||
| 中图分类: | TS941.11 | |
| 科图分类: | ||
| 主题词: | 服饰美学--Fu Shi Mei Xue | |
| 电子资源: | ||
| ISBN: | 978-7-5699-2306-3 | |
| 000 | 00950nam0 2200265 45 | |
| 001 | 012001002721 | |
| 005 | 20140101140608.0 | |
| 010 | @a978-7-5699-2306-3@dCNY45.00 | |
| 099 | @aCAL 012018118860 | |
| 100 | @a20180625d2018 em y0chiy50 ea | |
| 101 | 1 | @achi@cjpn |
| 102 | @aCN@b110000 | |
| 105 | @aa z 000yy | |
| 106 | @ar | |
| 200 | 1 | @a日常的衣服@f(日) 林行雄, (日) 林多佳子著@g王歆慧译@Ari chang de yi fu |
| 210 | @a北京@c北京时代华文书局@d2019重印 | |
| 215 | @a179页@c彩图@d21cm | |
| 330 | @a本书有关于日常衣服的基本款介绍, 更有穿搭得体的方法指南, 同时讲述了作者夫妇二人从买衣服到卖衣服的创业故事。透过日常的衣服传达了“让每一天都过得平常、轻松、舒适”的生活态度。 | |
| 606 | 0 | @a服饰美学@AFu Shi Mei Xue |
| 690 | @aTS941.11@v5 | |
| 701 | 0 | @a林行雄@4著@Alin xing xiong |
| 701 | 0 | @a林多佳子@4著@Alin duo jia zi |
| 702 | 0 | @a王歆慧@4译@Awang xin hui |
| 801 | 0 | @aCN@b北京卓展@c20191020 |
| 905 | @b1204279-82@dTS941.11@e102@f4 | |
| 日常的衣服/(日) 林行雄, (日) 林多佳子著/王歆慧译.-北京:北京时代华文书局,2019重印 |
| 179页:彩图;21cm |
| ISBN 978-7-5699-2306-3:CNY45.00 |
| 本书有关于日常衣服的基本款介绍, 更有穿搭得体的方法指南, 同时讲述了作者夫妇二人从买衣服到卖衣服的创业故事。透过日常的衣服传达了“让每一天都过得平常、轻松、舒适”的生活态度。 |
| ● |
| 相关链接 |
|
|
|
|
正题名:日常的衣服
索取号:TS941.11/102
 
预约/预借
| 序号 | 登录号 | 条形码 | 馆藏地/架位号 | 状态 | 备注 |
| 1 | 1204279 | 212042797 | 第二样本阅览室/ [索取号:TS941.11/102] | 在馆 | |
| 2 | 1204280 | 212042804 | 第三借阅区/ [索取号:TS941.11/102] | 在馆 | |
| 3 | 1204281 | 212042813 | 第三借阅区/ [索取号:TS941.11/102] | 在馆 | |
| 4 | 1204282 | 212042822 | 第三借阅区/ [索取号:TS941.11/102] | 在馆 |